000
00360nam a2200169Ia 4500
100
_a
Kibbe/Richard R
650
_a
Machine tool
250
_a
9
942
_c
BK
366
_f
25
245
_a
Machine tool practices
260
_b
Prentice -Hall of India
_c
2010
082
_a
621.902
_b
KIB
300
_a
800
546
_a
ENGLISH
_c
Info.Tech
999
_c
22584
_d
22584